000 00561nam a22001937a 4500
999 _c6648
_d6648
003 OSt
005 20200220113600.0
008 200220b ||||| |||| 00| 0 eng d
020 _a0854046127
040 _c040a
082 _a530.4
_bDAN 2000
100 _aDann, Sandra E.
_913678
245 _aReactions and characterizationof solids /
_cSandra E. Dann
260 _aCambridge
_bRoyal society of chemistry
_c2000
300 _avi, 201p;
_bcol.ill :
_c20cm
504 _aIncludes bibliographical references and index
650 _2Solids
942 _2ddc
_cO_SHELF